000 00515nam a22001577a 4500
999 _c11675
_d11675
008 181218b ||||| |||| 00| 0 eng d
020 _a9715422888
082 _22001
_aDFil 899.211
_bP53
245 _aThe Crab and Its Mother/
_cDamiana Eugenio [Compiler and editor]
260 _aQuezon City
_bUP Press
_cc2001.
300 _aPage 67-68;
_c23 cm
500 _aPhilippine folk literature: the folk tales
650 _afolklore
_933392
650 _aPhilippine folk literature--Collection
_933393
942 _2ddc
_cDFIL